000 00427pab a2200157 454500
008 180718b1996 xxu||||| |||| 00| 0 eng d
100 _aJeyaranjan, J.
245 _a`Revisit' approach to rural dynamics
_btowards a critique.
260 _c1996
300 _ap.1165-167
362 _a11 May
650 _aRural development - India
650 _aRural development
773 _aEconomic and Political Weekly
909 _a31098
999 _c31098
_d31098